000 00543nmm a2200169Ia 4500
008 251105s9999||||xx |||||||||||||||||und||
020 _a9788484897439
041 _aspa
100 _aGarcía Reidy, Alejandro
245 0 _aLas musas rameras :
_b Oficio dramático y conciencia profesional en Lope de Vega
264 _a[Madrid, España] :
_bIberoamericana Vervuert,
_c2013
300 _a440 páginas
490 _aEscena clásica
650 _aSpanish literature
856 _uhttps://public.digitaliapublishing.com/a/56763
942 _cCF
999 _c86783
_d86783